000 00583 a2200145 4500
999 _c10688
_d10688
050 _aJC599 ZIM 2013
110 _aZimbabwe Human Rights Commission (ZHRC)
245 _aZimbabwe human rights commission for human dignity : Annual report 2013 :
_bCommemorating the 10th December International Human Rights Day.
264 _aHarare :
_bZimbabwe Human Rights Commission,
_c2013
300 _a20 pages.
_bcolour illustrations
500 _aTitle from cover
650 _aHuman rights
_xZimbabwe
650 _aHuman rights -- Annual reports
_xZimbabwe
942 _2lcc
_cSERIALS
_h599
_iZIM
_kJC